000 01167namaa2200289 i 4500
003 EG-GICUC
005 20260402110147.0
008 260402s1990 ua h|||gr|||| 001 p ara d
040 _aEG-GiCUC
_bara
_cEG-GiCUC
_dEG-GiCUC
_erda
082 0 4 _221
_a811.064
_bQ11
092 0 4 _221
_a811.064
_bQ11
099 _a811.064 Q11
100 0 _aعبد القادر الجيلاني،
_d-1166
_eمؤلف.
245 1 0 _aديوان عبد القادر الجيلاني :
_b(القصائد الصوفية، المقالات الرمزية) /
_cدراسة وتحقيق يوسف زيدان.
264 _a[القاهرة] :
_bأخبار اليوم، ادارة الكتب والمكتبات،
_c[1990].
300 _a318 صفحة :
_b مثيليات ؛
_c24 سم
336 _2rdacontent
_atext
337 _2rdamedia
_aUnmediated
338 _2rdacarrier
_avolume
504 _a315-306 ببليوجرافيا: صفحات.
541 _aد. جابر عصفور ؛
_bالقاهرة ؛
_cإهداء ؛
_d2024.
650 1 _aالشعر الصوفي.
_2qrmak
651 1 _2qrmak
700 1 _aزيدان، يوسف
_9635
_eمحقق.
905 _aAsmaa
942 _2ddc
_cBK
_e21
_n0
999 _c179139
_d179139